000 00662nam a2200205Ia 4500
003 GCL
008 140319s9999 xx 000 0 ara d
040 _aGCL /
_cGCL
082 0 4 _a813.085
_bا ا
100 1 _aادمون عمران المليح
245 1 0 _aايلان او ليل الحكى /
_cادمون عمران المليح
700 1 _aعلى تيزلكاو (ترجمه)
260 _a[S.N] :
_bدار توبقال للنشر ،
_c1987
300 _a140 ص
490 _aسلسلة نصوص ادبية
_v0
650 0 4 _aالادب العربى
650 0 4 _aالقصص القصيرة
650 0 4 _aالقصة العربية
942 _2ddc
_cBK
999 _c37746
_d37746